000 00855nam a22002417a 4500
005 20080811141834.0
008 080811t xxu||||| |||| 00| 0 eng d
010 _aENG-90703
020 _c595.00
_a8184350783
035 _aEN-74236
037 _bDBAD / PUB
040 _aDPL
_bENGLISH
082 _a370.114
100 _aSingh, M.S.
245 _aValue education /
_cby M.S. Singh
260 _aNew Delhi
_bAdhyayan Publishers & Distributors
_c2007
300 _avi, 224p.
_c22 cm.(Hb)
500 _aIncludes bibliographical references and index
650 _aMoral education
650 _aValues
_xStudy and teaching
942 _2ddc
_cEN
_h370.114
_mSIN
999 _c14800
_d14800